Adivinhe o país por referências#2 - Statistics

Estatísticas Gerais
  • Esse quiz foi jogado 597 vezes
  • A pontuação média é 13 de 20
Estatísticas das Respostas
Referência Resposta % Correto
Nova Iorque Estados Unidos
97%
Shangai/Xangai China
93%
Atenas Grécia
92%
Chernobyl Ucrânia
85%
Mahatma Gandhi Índia
83%
Dubai Emirados Árabes Unidos
82%
Incas Peru
79%
Big Bang Reino Unido
79%
Montevidéu Uruguai
76%
Petróleo Arábia Saudita
72%
Apartheid África do Sul
70%
Monte Everest Nepal
67%
Saara Ocidental Marrocos
53%
Crise dos Mísseis de _____ Cuba
50%
Auckland Nova Zelândia
50%
Kebab Turquia
44%
Ilhas Galápagos Equador
42%
Ilha de Sumatra Indonésia
39%
Adis-Abeba Etiópia
33%
Ciganos Romênia
23%
Nenhum quiz correspondente encontrado
Distribuição das Pontuações
Porcentagem de Pessoas com Cada Pontuação
Percentil de Números Respondidos
Sua Pontuação Histórica
Você não jogou esse quiz